[Event "Thessaloniki-Chalkidiki-chT"]
[Site "Thessaloniki"]
[Date "2022.04.02"]
[Round "7"]
[White "Giannopoulou, Anastasia"]
[Black "Almaliotis, Hristos"]
[Result "1/2-1/2"]
[WhiteElo "1553"]
[BlackElo "1831"]
[PlyCount "78"]
[EventDate "2022.02.20"]
[EventType "team-tourn"]
[EventRounds "7"]
[EventCountry "GRE"]
[SourceTitle "EXT 2024"]
[Source "ChessBase"]
[SourceDate "2023.10.10"]
[SourceVersion "1"]
[SourceVersionDate "2023.10.10"]
[SourceQuality "1"]

1. d4 d5 2. c4 e6 3. Nf3 c6 4. Nbd2 Nf6 5. Qc2 Qa5 6. e3 Ne4 7. Bd3 f5 8. 0-0 Nd7 9. a3 Be7 10. b4 Qb6 11. Nb3 0-0 12. Ne1 dxc4 13. Bxc4 Ndf6 14. f3 Nd6 15. Bd3 Nf7 16. Nc5 Bxc5 17. bxc5 Qd8 18. Bb2 Nd5 19. e4 Ne3 20. Qc3 Nxf1 21. Kxf1 Qf6 22. e5 Qh4 23. Kg1 Rd8 24. Nc2 Kf8 25. Ne3 Bd7 26. Nc4 Be8 27. Re1 Rab8 28. Bxf5 Rxd4 29. Bxe6 Rd3 30. Qc1 Ng5 31. Bg4 Ke7 32. g3 Qh6 33. Nd6 Nxf3+ 34. Bxf3 Rxf3 35. Qd1 Bh5 36. Qd4 Qg6 37. Qh4+ Ke6 38. Qc4+ Ke7 39. Qh4+ Ke6 1/2-1/2

[Event "Thessaloniki-Chalkidiki-chT B local"]
[Site "Thessaloniki"]
[Date "2019.01.13"]
[Round "1.2"]
[White "Almaliotis, Hristos"]
[Black "Cook, Michael Antony"]
[Result "1/2-1/2"]
[WhiteElo "1952"]
[BlackElo "1926"]
[PlyCount "137"]
[EventDate "2019.01.13"]
[EventType "team-swiss"]
[EventRounds "9"]
[EventCountry "GRE"]
[SourceTitle "EXT 2020"]
[Source "ChessBase"]
[SourceDate "2019.10.17"]
[SourceVersion "1"]
[SourceVersionDate "2019.10.17"]
[SourceQuality "1"]

1. Nf3 d5 2. b3 Bg4 3. Ne5 Bf5 4. g3 f6 5. Nd3 e5 6. Bg2 c6 7. Bb2 Bd6 8. e3 Ne7 9. Nc3 Bxd3 10. cxd3 Nd7 11. Qg4 g6 12. 0-0-0 Nc5 13. Kc2 Qd7 14. Qxd7+ Kxd7 15. b4 Na6 16. Bh3+ f5 17. a3 b5 18. f4 exf4 19. gxf4 Rhc8 20. d4 Nc7 21. Ra1 Ne6 22. Ne2 Rc7 23. Bc3 a6 24. Nc1 Nc8 25. Nb3 Nb6 26. d3 Na4 27. Nc5+ Bxc5 28. bxc5 Nxc3 29. Kxc3 a5 30. Rhb1 Ke7 31. Bg2 Rb8 32. h4 Kf6 33. Bf3 Rd8 34. Rb2 Re7 35. Rf1 Nc7 36. Re2 Rde8 37. Rfe1 Ne6 38. Kd2 Rb8 39. Rb1 h6 40. Rh2 Rbe8 41. Rh3 Rb8 42. Rg3 b4 43. Rbg1 Rg7 44. axb4 axb4 45. Rb1 g5 46. fxg5+ hxg5 47. hxg5+ Nxg5 48. Kc2 Rh7 49. Rbg1 Rh2+ 50. Kb1 Ne6 51. Rg6+ Ke7 52. R1g2 Rxg2 53. Bxg2 Kf7 54. Rh6 Rg8 55. Bh3 Rg6 56. Rh5 f4 57. exf4 Nxd4 58. Rh7+ Rg7 59. Rh6 Rg3 60. Bd7 Rg1+ 61. Kb2 Rg2+ 62. Kb1 Rc2 63. Bxc6 Rxc5 64. Bb7 Ne2 65. Rb6 Nxf4 66. Rxb4 Rc1+ 67. Kxc1 Nxd3+ 68. Kd2 Nxb4 69. Bxd5+ 1/2-1/2